000
00311nam a2200133Ia 4500
008
190216s9999||||xx |||||||||||||| ||und||
100
_a
A Vinod
245
0
_a
Financial Accounting
250
_a
I
260
_b
Calicut University Central Co-Operative
_c
2005
300
_a
887
650
_a
Commerce
942
_c
BK
999
_c
8231
_d
8231